| 000 | 00392nab a2200145Ia 4500 | ||
|---|---|---|---|
| 003 | ES-SlBCS | ||
| 005 | 20210601124924.0 | ||
| 008 | 140529s1982 xxu||||| |||| 00| 0 eng d | ||
| 041 | _aeng | ||
| 100 | 1 |
_aDavis, Wayne A. _9132681 |
|
| 245 | 0 | 2 |
_aA Causal Theory of Enjoyment _c Wayne A. Davis |
| 650 | 0 | 4 |
_aPlacer _991512 |
| 773 | 0 |
_tMind _gvol. 91, 1982, págs. 240-256 _wRev1408 |
|
| 942 | _cAR | ||
| 999 |
_c521759 _d521759 |
||